000 00749nam a22001817a 4500
008 210908b ||||| |||| 00| 0 eng d
100 _a Lieberman, Saul,
_d1898-1983
245 _aThe Tosefta :
_baccording to codex Vienna, with variants from codex Erfurt, Genizah MSS. and editio principe Venice 1521, together with references to parallel passages in Talmudic literature and a brief commentary /
_cSaul Lieberman.
246 _aThe order of Mo'ed. Tosefta.
260 _aNew York :
_bJewish Theological Seminary of America,
_c1962.
300 _avolumes ;
_c26 cm
336 _atext
337 _aunmediated
338 _avolumes
500 _aText in Hebrew and title in English.
650 _aTosefta --
_xCommentaries.
942 _2lcc
_cBK
999 _c50204
_d50204